000 01043cam a22003253a 4500
001 14608
003 PGUSA
005 20140828083319.0
008 050105s2005||||xxu|||||s|||||000 1 eng d
040 _aPGUSA
_beng
042 _adc
050 4 _aPZ
100 1 _aMay, Sophie,
_d1833-1906
245 1 0 _aJimmy, Lucy, and All
_h[electronic resource] /
_cSophie May
260 _bProject Gutenberg,
_c2005
506 _aPublic domain in the USA.
516 _aElectronic text
653 _aConduct of life -- Juvenile fiction
653 _aChildren -- Conduct of life -- Juvenile fiction
653 _aParent and child -- Juvenile fiction
653 _aFriendship -- Juvenile fiction
653 _aUncles -- Juvenile fiction
653 _aPlay -- Juvenile fiction
653 _aVoyages and travels -- Juvenile fiction
653 _aAmusements -- Juvenile fiction
653 _aBrothers and sisters -- Juvenile fiction
830 0 _aProject Gutenberg
_v14608
856 4 0 _uhttp://www.gutenberg.org/ebooks/14608
942 _cEB
999 _c243863
_d243863